000 00505nam a22001695i 4500
001 171610
003 ES-MaACL
005 20230906214657.0
008 090522s1951 sp |||| | spa d
080 _a914.671.1 B. (026)
100 1 _aSoldevila, Carles.
_9107110
245 1 0 _aGuía de Barcelona /
_cCarlos Soldevila.
250 _a[1ª ed.].
260 _aBarcelona :
_bDestino,
_c[1951]
300 _a448 p., 9 plan. pleg. col., 20 lám. :
_bil. ;
_c22 cm.
852 _aES-MaACL
_jC-18401
_9R.46817
999 _c171610
_d171610